000 00888nam a22002897a 4500
001 0001053
003 KOHA_MİRAKIL
005 20260207001229.0
007 ta
008 081212b2003 tu |||grd|||#0|||1|tur |
020 _a9756812869
_cYTL9,69
040 _aTR-BiSEU
_btur
_cTR-BiSEU
_erda
041 0 _atur
044 _ctu
050 _aPE1131
_b.B35 2003
100 1 _aBalçık, Uğur.
245 1 _aTürkçe - İngilizce konuşma kılavuzu/
_cUğur Balçık ; Uğur Balçık.
264 1 _aİstanbul :
_bTürkmen Kitabevi
_c2003
300 _a352 sayfa
336 _ametin
_btxt
_2rdacontent
337 _aaracısız
_bn
_2rdamedia
338 _acilt
_bnc
_2rdacarrier
650 0 _aIngiliz dili--Konuşma ve hazir cümle kitaplari--Türkçe.
_93814
650 0 _aEnglish language--Conversation and phrase books--Turkish.
_93815
907 _aSözlük
942 _2lcc
_cBK
999 _c1048
_d1048